Nalaganje...

Bhoothavum bhaviyum /

Bibliografske podrobnosti
Glavni avtor: Kesavamenon, K P .
Format: Printed Book
Jezik:Malayalam
Izdano: Thrissur : Current Books , 1965.
LEADER 00474cam a2200145ua 4500
041 |a mal 
082 |a 930  |b KES/BH 
100 |a Kesavamenon, K P . 
245 |a Bhoothavum bhaviyum /   |c K P Kesavamenon.  |h Textual Documents 
260 |a Thrissur :   |b Current Books ,   |c 1965. 
300 |a 201 ; . 
541 |e 1992  
942 |c BK 
999 |c 32627  |d 32627 
952 |0 0  |1 0  |4 0  |6 930_000000000000000  |7 0  |9 42958  |a KAUAET  |b KAUAET  |d 2012-04-07  |m 0  |o 930  |p KAU_KCAET-1992   |r 2012-04-07  |w 2012-04-07  |y BK